00345nam a2200145Ia 4500008004100000082001600041100000900057245004100066250000800107260003100115300000800146500002400154650001200178700000900190230524s9999 xx 000 0 und d a530.15bDAS aJena 0aIntroduction to Mathematical Physics a1ST aCUTTACKbKitab Mahalc2002 a814 aQuantity Number: 2 aPhysics a Das